000 00295nam a22001337a 4500
008 170208b xxu||||| |||| 00| 0 eng d
020 _a9780130138330
041 _aeng
080 _22ND
_a61
100 _a3
101 _aSHM
245 _aMEDICAL TRANSCRIPTION
_cCAMPBELL, L.C
942 _2udc
_cBK
999 _c4861
_d4861